City sounds / (Record no. 2999)

MARC details
000 -LEADER
fixed length control field 00899nam a22002657a 4500
001 - CONTROL NUMBER
control field 2999
003 - CONTROL NUMBER IDENTIFIER
control field FISKH
005 - DATE AND TIME OF LATEST TRANSACTION
control field 20250507113243.0
008 - FIXED-LENGTH DATA ELEMENTS--GENERAL INFORMATION
fixed length control field 240130b cb ||||| |||| 00| 0 eng d
020 ## - INTERNATIONAL STANDARD BOOK NUMBER
International Standard Book Number 9780590275637
040 ## - CATALOGING SOURCE
Original cataloging agency FISKH
Language of cataloging eng
Transcribing agency FISKH
Modifying agency FISKH
050 ## - LIBRARY OF CONGRESS CALL NUMBER
Classification number 620.2
100 ## - MAIN ENTRY--PERSONAL NAME
Personal name Marzollo, Jean
245 ## - TITLE STATEMENT
Title City sounds /
Statement of responsibility, etc. by Mazollo, Jean : illustrated by Latto , Sophia
260 ## - PUBLICATION, DISTRIBUTION, ETC.
Place of publication, distribution, etc. New York :
Name of publisher, distributor, etc. Scholastic ,
Date of publication, distribution, etc. 1976
300 ## - PHYSICAL DESCRIPTION
Extent 16 pages :
Other physical details color illustrations ;
Dimensions 20 cm .
505 ## - FORMATTED CONTENTS NOTE
Formatted contents note F <br/>
520 ## - SUMMARY, ETC.
Summary, etc. "The sounds of the big city are brought to life in labeled pictures showing such sources as motorcycles, fire engines, pigeons, and police whistles." --
521 8# - TARGET AUDIENCE NOTE
Target audience note 340 <br/>
Source Lexile <br/>
521 8# - TARGET AUDIENCE NOTE
Target audience note F <br/>
Source RAz-Plus <br/>
600 ## - SUBJECT ADDED ENTRY--PERSONAL NAME
Source of heading or term community helper
Form subdivision realistic fiction
610 ## - SUBJECT ADDED ENTRY--CORPORATE NAME
Source of heading or term cities
Form subdivision fiction
700 ## - ADDED ENTRY--PERSONAL NAME
Personal name Latto, Sophia
Relator term illustrator
942 ## - ADDED ENTRY ELEMENTS (KOHA)
Source of classification or shelving scheme Dewey Decimal Classification
Koha item type Books
Suppress in OPAC No
Holdings
Withdrawn status Lost status Source of classification or shelving scheme Damaged status Not for loan Collection Home library Current library Shelving location Date acquired Total Checkouts Full call number Barcode Date last seen Copy number Price effective from Koha item type
    Dewey Decimal Classification     Juvenile Fiction Footprints International School Library Network Toul Kork Campus Footprints International School Library Network Toul Kork Campus TK Primary Library Room(4th Floor), Bookcase 7, Shelves 57-60, Dark Green Books 07/09/2025   MAR 620.2 PZ7 FISBK05125 07/09/2025 4 07/09/2025 Books
    Dewey Decimal Classification     Juvenile Fiction Footprints International School Library Network Toul Tom Poung Campus Footprints International School Library Network Toul Tom Poung Campus TTP Primary Green Bookshelves 01/30/2024   MAR 620.2 FISBK05115 01/30/2024 1 01/30/2024 Books
    Dewey Decimal Classification     Juvenile Fiction Footprints International School Library Network Toul Tom Poung Campus Footprints International School Library Network Toul Tom Poung Campus TTP Primary Green Bookshelves 01/30/2024   MAR 620.2 FISTK02506 03/18/2024 2 01/30/2024 Books
    Dewey Decimal Classification     Juvenile Fiction Footprints International School Library Network Toul Tom Poung Campus Footprints International School Library Network Toul Tom Poung Campus TTP Primary Green Bookshelves 05/07/2025   MAR 620.2 2025-1178 05/07/2025 3 05/07/2025 Books